<?xml version="1.0" encoding="UTF-8"?>
<record
    xmlns:xsi="http://www.w3.org/2001/XMLSchema-instance"
    xsi:schemaLocation="http://www.loc.gov/MARC21/slim http://www.loc.gov/standards/marcxml/schema/MARC21slim.xsd"
    xmlns="http://www.loc.gov/MARC21/slim">

  <leader>01249nam a22002657a 4500</leader>
  <controlfield tag="005">20170123164159.0</controlfield>
  <datafield tag="010" ind1=" " ind2=" ">
    <subfield code="a">B-124790</subfield>
  </datafield>
  <datafield tag="020" ind1=" " ind2=" ">
    <subfield code="c">260.00</subfield>
    <subfield code="a">8173809224</subfield>
  </datafield>
  <datafield tag="035" ind1=" " ind2=" ">
    <subfield code="a">B-124790</subfield>
  </datafield>
  <datafield tag="037" ind1=" " ind2=" ">
    <subfield code="b">Cen Lib / Ret</subfield>
  </datafield>
  <datafield tag="040" ind1=" " ind2=" ">
    <subfield code="a">DPL</subfield>
    <subfield code="b">PN</subfield>
  </datafield>
  <datafield tag="082" ind1=" " ind2=" ">
    <subfield code="a">954.02</subfield>
    <subfield code="b">&#xA2E;&#xA4B;&#xA30;&#xA32;&#xA48;&#xA02; </subfield>
  </datafield>
  <datafield tag="100" ind1=" " ind2=" ">
    <subfield code="a">&#xA2D;&#xA17;&#xA24; &#xA38;&#xA3F;&#xA70;&#xA18; </subfield>
    <subfield code="9">2233</subfield>
  </datafield>
  <datafield tag="245" ind1=" " ind2=" ">
    <subfield code="a">&#xA05;&#xA15;&#xA2C;&#xA30; &#xA24;&#xA4B;&#xA02; &#xA14;&#xA30;&#xA70;&#xA17;&#xA1C;&#xA3C;&#xA47;&#xA2C; &#xA24;&#xA71;&#xA15; /</subfield>
    <subfield code="c">&#xA2D;&#xA17;&#xA24; &#xA38;&#xA3F;&#xA70;&#xA18; ; &#xA05;&#xA28;&#xA41;&#xA35;&#xA3E;&#xA26;&#xA15; &#xA21;&#xA2C;&#xA32;&#xA2F;&#xA42; &#xA14;&#xA1A;. &#xA2E;&#xA4B;&#xA30;&#xA32;&#xA48;&#xA02;&#xA21; </subfield>
  </datafield>
  <datafield tag="246" ind1=" " ind2=" ">
    <subfield code="a">Akbar ton aurangzeb tak : punjabi /</subfield>
    <subfield code="b">by W. H. Moreland ; translated by Bhagat Singh </subfield>
  </datafield>
  <datafield tag="260" ind1=" " ind2=" ">
    <subfield code="a">&#xA1A;&#xA70;&#xA21;&#xA40;&#xA17;&#xA5C;&#xA4D;&#xA39; </subfield>
    <subfield code="b">&#xA2A;&#xA2C;&#xA32;&#xA40;&#xA15;&#xA47;&#xA38;&#xA3C;&#xA28; &#xA2C;&#xA3F;&#xA0A;&#xA30;&#xA4B; &#xA2A;&#xA70;&#xA1C;&#xA3E;&#xA2C; &#xA2F;&#xA42;&#xA28;&#xA40;&#xA35;&#xA30;&#xA38;&#xA3F;&#xA1F;&#xA40; </subfield>
    <subfield code="c">2005</subfield>
  </datafield>
  <datafield tag="270" ind1=" " ind2=" ">
    <subfield code="a">&#xA2A;&#xA2C;&#xA32;&#xA40;&#xA15;&#xA47;&#xA38;&#xA3C;&#xA28; &#xA2C;&#xA3F;&#xA0A;&#xA30;&#xA4B; &#xA2A;&#xA70;&#xA1C;&#xA3E;&#xA2C; &#xA2F;&#xA42;&#xA28;&#xA40;&#xA35;&#xA30;&#xA38;&#xA3F;&#xA1F;&#xA40; </subfield>
    <subfield code="b">&#xA1A;&#xA70;&#xA21;&#xA40;&#xA17;&#xA5C;&#xA4D;&#xA39; </subfield>
  </datafield>
  <datafield tag="300" ind1=" " ind2=" ">
    <subfield code="a">329p.</subfield>
    <subfield code="b">24cm(Hb)</subfield>
  </datafield>
  <datafield tag="650" ind1=" " ind2=" ">
    <subfield code="a">Mogul Empire.</subfield>
    <subfield code="9">132410</subfield>
  </datafield>
  <datafield tag="650" ind1=" " ind2=" ">
    <subfield code="a">India -- Mogul Empire.</subfield>
    <subfield code="9">9458</subfield>
  </datafield>
  <datafield tag="650" ind1=" " ind2=" ">
    <subfield code="a">&#xA2E;&#xA41;&#xA17;&#xA32; &#xA38;&#xA3E;&#xA2E;&#xA30;&#xA3E;&#xA1C;</subfield>
    <subfield code="9">3679</subfield>
  </datafield>
  <datafield tag="650" ind1=" " ind2=" ">
    <subfield code="a">&#xA2D;&#xA3E;&#xA30;&#xA24;  - &#xA2E;&#xA41;&#xA17;&#xA32; &#xA38;&#xA3E;&#xA2E;&#xA30;&#xA3E;&#xA1C;</subfield>
    <subfield code="9">82048</subfield>
  </datafield>
  <datafield tag="700" ind1=" " ind2=" ">
    <subfield code="a">&#xA2E;&#xA4B;&#xA30;&#xA32;&#xA48;&#xA02;&#xA21;, &#xA21;&#xA2C;&#xA32;&#xA2F;&#xA42; &#xA14;&#xA1A;. </subfield>
    <subfield code="9">132411</subfield>
  </datafield>
  <datafield tag="942" ind1=" " ind2=" ">
    <subfield code="2">ddc</subfield>
    <subfield code="c">PN</subfield>
    <subfield code="h">954.02</subfield>
    <subfield code="m">&#xA2E;&#xA4B;&#xA30;&#xA32;&#xA48;&#xA02; </subfield>
  </datafield>
  <datafield tag="999" ind1=" " ind2=" ">
    <subfield code="c">110945</subfield>
    <subfield code="d">110945</subfield>
  </datafield>
  <datafield tag="952" ind1=" " ind2=" ">
    <subfield code="0">0</subfield>
    <subfield code="1">0</subfield>
    <subfield code="4">0</subfield>
    <subfield code="7">0</subfield>
    <subfield code="a">L</subfield>
    <subfield code="b">L</subfield>
    <subfield code="d">2016-02-10</subfield>
    <subfield code="e">Cen Lib/Ret</subfield>
    <subfield code="g">260.00</subfield>
    <subfield code="l">0</subfield>
    <subfield code="o">954.02 &#xA2E;&#xA4B;&#xA30;&#xA32;&#xA48;&#xA02;</subfield>
    <subfield code="p">B-124790</subfield>
    <subfield code="r">2016-02-10 00:00:00</subfield>
    <subfield code="t">1</subfield>
    <subfield code="v">260.00</subfield>
    <subfield code="w">2016-02-10</subfield>
    <subfield code="y">PN</subfield>
  </datafield>
</record>
